000 00446nam a2200133 i 4500
001 bg
100 1 _aNOWROCKI, Stanisław
245 0 _aUrządzenie zabezpieczenia ruchu kolejowego :
_bskrypt dla studentów wyższych szkół technicznych do przedmiotu: Eksploatacja kolei i zabezpieczeń ruchu /
_cStanisław Nowrocki.
260 _aKrakow,
_c1972.
040 _cBPK
041 _apol
942 _cKS
008 s pl f |000 0 pol
999 _c27072
_d27072
856 _uhttp://koha.tu.koszalin.pl/cgi-bin/koha/opac-detail.pl?biblionumber=27072
_yKatalog online BPK